|
|
|
|
| LEADER |
00000nem a2200000 4500 |
| 001 |
vtls012196359 |
| 003 |
SK-MaSNL |
| 005 |
20260301074448.0 |
| 007 |
aj canzn |
| 008 |
230221s2022 xo jmb a 0 slo |
| 020 |
|
|
|a 9788099934543
|q (zložené)
|
| 034 |
1 |
|
|a a
|b 115000
|
| 040 |
|
|
|a SNK
|b slo
|c SNK
|e AACR2
|
| 041 |
0 |
|
|a slo
|
| 043 |
|
|
|a e-xo---
|
| 044 |
|
|
|a xo
|c SK
|
| 072 |
|
7 |
|a 913(437)
|x Geografia Česka a Slovenska, reálie, cestovanie
|2 konspekt
|
| 072 |
|
7 |
|a 912
|x Mapy. Atlasy
|2 konspekt
|
| 080 |
|
|
|a 913(437.6)
|2 2001
|
| 080 |
|
|
|a (084.3)796.5
|2 2001
|
| 080 |
|
|
|a 796.51
|2 2011
|
| 080 |
|
|
|a 796.61
|2 2001
|
| 080 |
|
|
|a 913(437.6-16)
|2 2011
|
| 080 |
|
|
|a (234.372.4)
|2 2011
|
| 080 |
|
|
|a (084.3)796.61
|2 2001
|
| 080 |
|
|
|a 912.43:94
|2 2011
|
| 110 |
2 |
|
|a VKÚ Harmanec (Kynceľová, Slovensko)
|4 aut
|4 pbl
|9 319868
|
| 245 |
1 |
0 |
|a Liptovský Mikuláš a okolie
|h kartografický dokument
|b kedysi a dnes : mapa okresu : stará a súčasná mapa 1:115 000
|c vydala a spracovala VKÚ Harmanec ; redaktor: Bohuš Schwarzbacher
|
| 255 |
|
|
|a Mierka 1:115 000
|
| 260 |
|
|
|a Kynceľová
|b VKÚ Harmanec
|c 2022
|
| 300 |
|
|
|a 2 mapy na jednom liste
|b fareb.
|c 98 x 45 cm na liste 102 x 78 cm, zlož. na 19 x 13 cm v plastovom obale
|e 1 voľ. príl. (21 s. ; 20 cm)
|
| 366 |
|
|
|e 10600 ks
|
| 500 |
|
|
|a Obsahuje legendu podrobnej mapy Slovenska ; generálnu mapu Uhorska ; podrobnú mapu Slovenska okres Liptovský Mikuláš ; informácie o Liptovskom Mikuláši a jeho okolí kedysi a dnes ; mikroregión pod Poludnicou
|
| 500 |
|
|
|a Obsahuje prílohu Sprievodcu pozemkovými spoločenstvami s bohatou históriou
|
| 650 |
0 |
7 |
|a historické mapy
|2 SNKPH
|9 64540
|
| 650 |
0 |
7 |
|a History maps
|2 SNKPHeng
|9 319869
|
| 651 |
|
7 |
|a Liptovský Mikuláš (Slovensko : okres)
|2 SNKPH
|9 31431
|
| 655 |
|
7 |
|a skladané mapy
|2 SNKPH
|9 304180
|
| 655 |
|
7 |
|a mapy pre verejnosť
|2 SNKPH
|9 304181
|
| 700 |
1 |
|
|a Schwarzbacher, Bohuš,
|d 1965-
|4 red
|9 187068
|
| 852 |
|
|
|a Slovenská národná knižnica
|
| 919 |
|
|
|a 978-80-99934-54-3
|
| 999 |
|
|
|c 647213
|d 649143
|
| 952 |
|
|
|a SNK
|b SNK
|y NEVYP
|7 1
|p 17A1535105
|o snkSLCm 3640
|i snk2023/16864
|8 0
|3 Obsahuje prílohu: Sprievodca pozemkovými spoločenstvami s bohatou históriou
|z Obsahuje prílohu: Sprievodca pozemkovými spoločenstvami s bohatou históriou
|0 0
|1 0
|4 0
|d 2023-11-21
|l 0
|r 2026-02-23 18:11:37
|w 2026-02-23
|
| 952 |
|
|
|a SNK
|b SNK
|y NEVYP
|7 1
|p 17A1535102
|o snkSLCm 3640/príl.
|i snk2023/16864
|8 0
|z Príloha: Sprievodca pozemkovými spoločenstvami s bohatou históriou
|0 0
|1 0
|4 0
|d 2023-11-21
|l 0
|r 2026-02-23 18:11:37
|w 2026-02-23
|